Ciudadanía y derechos: ¿Criterios distributivos? /
Guardado en:
| Hovedforfatter: | |
|---|---|
| Format: | Texto |
| Serier: | Serie políticas sociales
|
| Fag: | |
| Tags: |
Tilføj Tag
Ingen Tags, Vær først til at tagge denne postø!
|
MARC
| LEADER | 00000 a a2200000 04500 | ||
|---|---|---|---|
| 001 | 47972 | ||
| 003 | |||
| 040 | |||
| 090 | |a REV1291 (70) 2003 | ||
| 100 | |a Gordon R, Sara | ||
| 245 | |a Ciudadanía y derechos: ¿Criterios distributivos? / |c Sara Gordon R | ||
| 440 | |a Serie políticas sociales | ||
| 650 | |a CIUDADANIA | ||
| 650 | |a DERECHOS CIVILES | ||
| 650 | |a POLITICA SOCIAL | ||
| 650 | |a ADMINISTRACION PUBLICA | ||
| 773 | |g número70, (2003), página25 | ||
| 999 | |c 20266 |d 20266 | ||
